[Event "GER-ch U12"]
[Site "Willingen"]
[Date "2021.08.25"]
[Round "4"]
[White "Ehses, Julius"]
[Black "Lu, Yunong Elias"]
[Result "0-1"]
[WhiteElo "1102"]
[BlackElo "1557"]
[PlyCount "110"]
[EventDate "2021.08.22"]
[EventType "swiss"]
[EventRounds "9"]
[EventCountry "GER"]
[SourceTitle "EXT 2022"]
[Source "ChessBase"]
[SourceDate "2021.10.06"]
[SourceVersion "1"]
[SourceVersionDate "2021.10.06"]
[SourceQuality "1"]

1. e4 c6 2. d4 d5 3. exd5 cxd5 4. Nf3 Nf6 5. Nc3 Nc6 6. Bd3 Bg4 7. Be3 e6 8. 0-0 Bd6 9. Re1 0-0 10. h3 Bh5 11. Be2 Rc8 12. Rc1 a6 13. a3 b5 14. b4 Nxb4 15. Qd2 Nc6 16. Ra1 Qc7 17. Rec1 Bg6 18. Bd3 Na5 19. Bxg6 hxg6 20. Ne2 Nc4 21. Qd3 Ne4 22. Ra2 Qe7 23. Ne1 Bxa3 24. Rca1 b4 25. f3 Nc3 26. Nxc3 Nxe3 27. Nb1 Nc4 28. Qb3 Qh4 29. Nd3 Qxd4+ 30. Kh1 a5 31. Nxa3 Nxa3 32. Qa4 Nxc2 33. Rxc2 Qxd3 34. Rxc8 Rxc8 35. Qxa5 Qc3 36. Rb1 b3 37. Qxc3 Rxc3 38. Kg1 f6 39. Kf1 e5 40. Ke1 Kf7 41. Rb2 Ke6 42. Kd2 Rc2+ 43. Rxc2 bxc2 44. Kxc2 Kf5 45. Kd3 Kf4 46. Ke2 Kg3 47. Kf1 d4 48. Ke2 Kxg2 49. Kd3 Kxf3 50. Kd2 e4 51. Ke1 e3 52. Kf1 e2+ 53. Ke1 Ke3 54. h4 d3 55. h5 d2# 0-1

[Event "GER-ch U12"]
[Site "Willingen"]
[Date "2021.08.24"]
[Round "3"]
[White "Roedel, Jannis"]
[Black "Ehses, Julius"]
[Result "1/2-1/2"]
[WhiteElo "1349"]
[BlackElo "1102"]
[PlyCount "87"]
[EventDate "2021.08.22"]
[EventType "swiss"]
[EventRounds "9"]
[EventCountry "GER"]
[SourceTitle "EXT 2022"]
[Source "ChessBase"]
[SourceDate "2021.10.06"]
[SourceVersion "1"]
[SourceVersionDate "2021.10.06"]
[SourceQuality "1"]

1. e4 e5 2. Nf3 Nf6 3. Nxe5 d6 4. Nf3 Nxe4 5. d4 d5 6. Bd3 Bd6 7. c4 c6 8. 0-0 0-0 9. Re1 Bf5 10. Nc3 Re8 11. Qc2 Nxc3 12. Rxe8+ Qxe8 13. bxc3 Bxd3 14. Qxd3 Nd7 15. Bd2 Qe6 16. Re1 Qf6 17. c5 Bf8 18. Bg5 Qg6 19. Qd2 f6 20. Bf4 Re8 21. Nh4 Rxe1+ 22. Qxe1 Qg4 23. Bg3 Qe4 24. Qxe4 dxe4 25. Nf5 b6 26. cxb6 axb6 27. Bc7 Kf7 28. Ng3 Ke6 29. Nxe4 Kd5 30. f3 c5 31. dxc5 bxc5 32. Kf2 Kc4 33. Ke3 f5 34. Ng3 Kxc3 35. Nxf5 c4 36. a4 Nc5 37. a5 Kb2 38. Bb6 Na6 39. Kd4 c3 40. Ne3 c2 41. Nxc2 Kxc2 42. Kc4 Bb4 43. g4 Kd2 44. Kb5 1/2-1/2